| 000 | 00479nam a2200169 i 4500 | ||
|---|---|---|---|
| 001 | 93081 | ||
| 003 | ES-MaACL | ||
| 005 | 20230906181125.0 | ||
| 007 | t| | ||
| 008 | 050407s1903 fr ||||1| fre d | ||
| 100 | 1 |
_aLoisy, Alfred. _973147 |
|
| 245 | 1 | 0 |
_aEtudes bibliques / _cpar Alfred Loisy. |
| 260 |
_aParis : _b[s.n.], _c1903 ( _fMacon-Protat Fréres) |
||
| 300 |
_a97-336 p., 3 h. ; _c22 cm. |
||
| 500 | _aComienza la numeración en la p.97. | ||
| 852 |
_aES-MaACL _jF-13495 |
||
| 999 |
_c93081 _d93081 |
||